Medieval and Renaissance studies : (Record no. 60806)
[ view plain ]
| 000 -LEADER | |
|---|---|
| fixed length control field | 01053nam a2200277 a 4500 |
| 001 - CONTROL NUMBER | |
| control field | 60806 |
| 003 - CONTROL NUMBER IDENTIFIER | |
| rucl marc code | BD-RjUL |
| 005 - DATE AND TIME OF LATEST TRANSACTION | |
| control field | 20211209080902.0 |
| 008 - FIXED-LENGTH DATA ELEMENTS--GENERAL INFORMATION | |
| fixed length control field | 170103s1979 ncu 100 0 eng d |
| 020 ## - INTERNATIONAL STANDARD BOOK NUMBER | |
| International Standard Book Number | 0822304198 |
| 035 ## - SYSTEM CONTROL NUMBER | |
| System control number | (BD-RjUL)60930 |
| 040 ## - CATALOGING SOURCE | |
| Original cataloging agency | BD-RjUL |
| Language of cataloging | eng |
| Transcribing agency | BD-RjUL |
| Modifying agency | eng |
| 041 ## - LANGUAGE CODE | |
| Language code of text/sound track or separate title | eng |
| 082 ## - DEWEY DECIMAL CLASSIFICATION NUMBER | |
| Edition number | 23 |
| Classification number | 809.02 |
| Author mark and year | MED 1979 |
| 245 00 - TITLE STATEMENT | |
| Title | Medieval and Renaissance studies : |
| Remainder of title | proceedings of the Southeastern Institute of Medieval and Renaissance Studies, summer 1976 / |
| Statement of responsibility, etc. | ed. by D.B.J. Randall |
| 260 ## - PUBLICATION, DISTRIBUTION, ETC. (IMPRINT) | |
| Place of publication, distribution, etc. | Durham, N.C. : |
| Name of publisher, distributor, etc. | Duke University Press, |
| Date of publication, distribution, etc. | c1979 |
| 300 ## - PHYSICAL DESCRIPTION | |
| Pagination | 166 p. : |
| Size | 22 cm. |
| 490 ## - SERIES STATEMENT | |
| Series statement | Medieval and Renaissance series, |
| Volume/sequential designation | no. 8. |
| 650 #0 - SUBJECT ADDED ENTRY--TOPICAL TERM | |
| Topical term or geographic name as entry element | Literature, Medieval |
| Form subdivision | Congresses |
| 9 (RLIN) | 181230 |
| Topical term or geographic name as entry element | Art, Medieval |
| Form subdivision | Congresses |
| 9 (RLIN) | 181231 |
| Topical term or geographic name as entry element | European literature |
| Chronological subdivision | Renaissance, 1450-1600 |
| General subdivision | History and criticism |
| Form subdivision | Congresses. |
| 9 (RLIN) | 181232 |
| Topical term or geographic name as entry element | Arts, Renaissance |
| General subdivision | Congresses |
| 9 (RLIN) | 181233 |
| 700 1# - ADDED ENTRY--PERSONAL NAME | |
| Personal name | Randall, Dale B. J. |
| 830 ## - SERIES ADDED ENTRY--UNIFORM TITLE | |
| Uniform title | Medieval and Renaissance series, |
| Volume number/sequential designation | no. 8 |
| 942 ## - ADDED ENTRY ELEMENTS (KOHA) | |
| Source of classification or shelving scheme | Dewey Decimal Classification |
| Koha item type | Books |
| Lost status | Source of classification or shelving scheme | Damaged status | Not for loan | Collection code | Permanent Location | Current Location | Shelving location | Date acquired | Source of acquisition | Total Checkouts | Full call number | Date last seen | Copy number | Koha item type |
|---|---|---|---|---|---|---|---|---|---|---|---|---|---|---|
| Dewey Decimal Classification | Not For Loan | Non-fiction | Central Library, University of Rajshahi | Central Library, University of Rajshahi | Reading Room | 24/07/1994 | Asia foundation | 809.02 MED 1979 | 03/01/2017 | C-1 | Books |